V spleti motívov a machinácií Videli sme na televíznej obrazovke

Bibliographic Details
Main Author: Vrbická, Eva (Author)
Format: Article
Language:Slovak
Subjects:

MARC

LEADER 00000nab a2200000 a 4500
001 vtls000357224
003 SK-MaSNL
005 20260303205815.0
008 111201c1989 xo 0 slo
015 |a SNBRB19rr/mm-uuuuu 
035 |a CL0357346 
040 |a SNKBUCL  |b slo  |c SNKBUCL  |e AACR2 
041 0 |a slo 
044 |a xo  |c SK 
080 |a 7.097  |2 1981 
100 1 |a Vrbická, Eva  |4 aut  |9 311417 
245 1 0 |a V spleti motívov a machinácií  |b Videli sme na televíznej obrazovke  |c Eva Vrbická ; Ľubo Kocka, Milan Materák, Hans Hellmut Kirst 
500 |a (Réžia Ľubo Kocka.) 
610 2 7 |a Československá televízia  |2 snkbucl  |9 215938 
650 0 7 |a Materák, Milan,  |d 1946-  |2 snkbucl  |9 1240845 
650 0 7 |a Kirst, Hans Hellmut  |2 snkbucl  |9 1240844 
651 7 |a 5100  |2 snkbucl  |9 166206 
655 7 |a články z novín a časopisov  |2 snkbucl  |9 267496 
773 0 |t Práca  |g Roč. 44, č. 169 (20. 7. 1989), s. 6 
850 |a Slovenská národná knižnica v Martine  |a MTA001 
852 |a SNK  |b KIS3GCP 
958 |a RK 
992 |a RBX 
999 |c 2197239  |d 2199169